<?xml version="1.0" encoding="UTF-8"?>
<record
    xmlns:xsi="http://www.w3.org/2001/XMLSchema-instance"
    xsi:schemaLocation="http://www.loc.gov/MARC21/slim http://www.loc.gov/standards/marcxml/schema/MARC21slim.xsd"
    xmlns="http://www.loc.gov/MARC21/slim">

  <leader>00692nam a22001337a 4500</leader>
  <datafield tag="040" ind1=" " ind2=" ">
    <subfield code="c">RUA</subfield>
  </datafield>
  <datafield tag="082" ind1=" " ind2=" ">
    <subfield code="a">VEM OUN 2015 B509 Or.</subfield>
  </datafield>
  <datafield tag="100" ind1=" " ind2=" ">
    <subfield code="a">OUNG NANNTHA; &#x17A2;&#x17CA;&#x17BB;&#x1784; &#x178E;&#x17B6;&#x1793;&#x17CB;&#x1790;&#x17B6;</subfield>
  </datafield>
  <datafield tag="245" ind1=" " ind2=" ">
    <subfield code="a">Survey on applying on traditional medicine for castle in target areas of avsf and hiefer organization; &#x1780;&#x17B6;&#x179A;&#x179F;&#x17B7;&#x1780;&#x17D2;&#x179F;&#x17B6;&#x179B;&#x17BE;&#x1780;&#x17B6;&#x179A;&#x1794;&#x17D2;&#x179A;&#x17BE;&#x1794;&#x17D2;&#x179A;&#x17B6;&#x179F;&#x17CB;&#x17B1;&#x179F;&#x1790;&#x1794;&#x17BB;&#x179A;&#x17B6;&#x178E;&#x1780;&#x17D2;&#x1793;&#x17BB;&#x1784;&#x1780;&#x17B6;&#x179A;&#x1796;&#x17D2;&#x1799;&#x17B6;&#x1794;&#x17B6;&#x179B;&#x1787;&#x17C6;&#x1784;&#x17BA;&#x1782;&#x17C4;&#x1780;&#x17D2;&#x179A;&#x1794;&#x17B8;&#x1793;&#x17C5;&#x178F;&#x17B6;&#x1798;&#x178F;&#x17C6;&#x1794;&#x1793;&#x17CB;&#x1782;&#x17C4;&#x179B;&#x178A;&#x17C5;&#x179A;&#x1794;&#x179F;&#x17CB;&#x17A2;&#x1784;&#x17D2;&#x1782;&#x1780;&#x17B6;&#x179A; AVSF &#x1793;&#x17B7;&#x1784; HIEFER</subfield>
  </datafield>
  <datafield tag="260" ind1=" " ind2=" ">
    <subfield code="a">Phnom Penh</subfield>
    <subfield code="b">RUA</subfield>
    <subfield code="c">2015</subfield>
  </datafield>
  <datafield tag="300" ind1=" " ind2=" ">
    <subfield code="a">vii;40p.</subfield>
    <subfield code="b">ill.</subfield>
    <subfield code="c">29cm.</subfield>
  </datafield>
  <datafield tag="856" ind1=" " ind2=" ">
    <subfield code="u">OUNG NANNTHA</subfield>
  </datafield>
  <datafield tag="942" ind1=" " ind2=" ">
    <subfield code="c">VEM</subfield>
  </datafield>
  <datafield tag="999" ind1=" " ind2=" ">
    <subfield code="c">8941</subfield>
    <subfield code="d">8941</subfield>
  </datafield>
  <datafield tag="952" ind1=" " ind2=" ">
    <subfield code="0">0</subfield>
    <subfield code="1">0</subfield>
    <subfield code="2">ddc</subfield>
    <subfield code="4">0</subfield>
    <subfield code="6">VEM_OUN_2015_000000000000000_B509_OR_1</subfield>
    <subfield code="7">0</subfield>
    <subfield code="9">50133</subfield>
    <subfield code="a">LBB</subfield>
    <subfield code="b">LBB</subfield>
    <subfield code="d">2016-08-19</subfield>
    <subfield code="o">VEM OUN 2015 B509 Or.1</subfield>
    <subfield code="p">RUA060932</subfield>
    <subfield code="r">2016-08-19</subfield>
    <subfield code="w">2016-08-19</subfield>
    <subfield code="y">VEM</subfield>
  </datafield>
  <datafield tag="952" ind1=" " ind2=" ">
    <subfield code="0">0</subfield>
    <subfield code="1">0</subfield>
    <subfield code="2">ddc</subfield>
    <subfield code="4">0</subfield>
    <subfield code="6">VEM_OUN_2015_000000000000000_B509_OR_2</subfield>
    <subfield code="7">0</subfield>
    <subfield code="9">50134</subfield>
    <subfield code="a">LBB</subfield>
    <subfield code="b">LBB</subfield>
    <subfield code="d">2016-08-19</subfield>
    <subfield code="o">VEM OUN 2015 B509 Or.2</subfield>
    <subfield code="p">RUA060631</subfield>
    <subfield code="r">2016-08-19</subfield>
    <subfield code="w">2016-08-19</subfield>
    <subfield code="y">VEM</subfield>
  </datafield>
  <datafield tag="952" ind1=" " ind2=" ">
    <subfield code="0">0</subfield>
    <subfield code="1">0</subfield>
    <subfield code="2">ddc</subfield>
    <subfield code="4">0</subfield>
    <subfield code="6">VEM_OUN_2015_000000000000000_B509_OR_3</subfield>
    <subfield code="7">0</subfield>
    <subfield code="9">50135</subfield>
    <subfield code="a">LBB</subfield>
    <subfield code="b">LBB</subfield>
    <subfield code="d">2016-08-19</subfield>
    <subfield code="o">VEM OUN 2015 B509 Or.3</subfield>
    <subfield code="p">RUA060691</subfield>
    <subfield code="r">2016-08-19</subfield>
    <subfield code="w">2016-08-19</subfield>
    <subfield code="y">VEM</subfield>
  </datafield>
  <datafield tag="952" ind1=" " ind2=" ">
    <subfield code="0">0</subfield>
    <subfield code="1">0</subfield>
    <subfield code="2">ddc</subfield>
    <subfield code="4">0</subfield>
    <subfield code="6">VEM_OUN_2015_000000000000000_B509_OR_4</subfield>
    <subfield code="7">0</subfield>
    <subfield code="9">50137</subfield>
    <subfield code="a">LBB</subfield>
    <subfield code="b">LBB</subfield>
    <subfield code="d">2016-08-19</subfield>
    <subfield code="o">VEM OUN 2015 B509 Or.4</subfield>
    <subfield code="p">RUA060633</subfield>
    <subfield code="r">2016-08-19</subfield>
    <subfield code="w">2016-08-19</subfield>
    <subfield code="y">VEM</subfield>
  </datafield>
  <datafield tag="952" ind1=" " ind2=" ">
    <subfield code="0">0</subfield>
    <subfield code="1">0</subfield>
    <subfield code="2">ddc</subfield>
    <subfield code="4">0</subfield>
    <subfield code="6">VEM_OUN_2015_000000000000000_B509_OR_5</subfield>
    <subfield code="7">0</subfield>
    <subfield code="9">50146</subfield>
    <subfield code="a">LBB</subfield>
    <subfield code="b">LBB</subfield>
    <subfield code="d">2016-08-19</subfield>
    <subfield code="o">VEM OUN 2015 B509 Or.5</subfield>
    <subfield code="p">RUA060716</subfield>
    <subfield code="r">2016-08-19</subfield>
    <subfield code="w">2016-08-19</subfield>
    <subfield code="y">VEM</subfield>
  </datafield>
  <datafield tag="952" ind1=" " ind2=" ">
    <subfield code="0">0</subfield>
    <subfield code="1">0</subfield>
    <subfield code="2">ddc</subfield>
    <subfield code="4">0</subfield>
    <subfield code="6">VEM_OUN_2015_000000000000000_B509_OR_6</subfield>
    <subfield code="7">0</subfield>
    <subfield code="9">50147</subfield>
    <subfield code="a">LBB</subfield>
    <subfield code="b">LBB</subfield>
    <subfield code="d">2016-08-19</subfield>
    <subfield code="o">VEM OUN 2015 B509 Or.6</subfield>
    <subfield code="p">RUA060811</subfield>
    <subfield code="r">2016-08-19</subfield>
    <subfield code="w">2016-08-19</subfield>
    <subfield code="y">VEM</subfield>
  </datafield>
  <datafield tag="952" ind1=" " ind2=" ">
    <subfield code="0">0</subfield>
    <subfield code="1">0</subfield>
    <subfield code="2">ddc</subfield>
    <subfield code="4">0</subfield>
    <subfield code="6">VEM_OUN_2015_000000000000000_B509_OR_7</subfield>
    <subfield code="7">0</subfield>
    <subfield code="9">50148</subfield>
    <subfield code="a">LBB</subfield>
    <subfield code="b">LBB</subfield>
    <subfield code="d">2016-08-19</subfield>
    <subfield code="o">VEM OUN 2015 B509 Or.7</subfield>
    <subfield code="p">RUA060692</subfield>
    <subfield code="r">2016-08-19</subfield>
    <subfield code="w">2016-08-19</subfield>
    <subfield code="y">VEM</subfield>
  </datafield>
  <datafield tag="952" ind1=" " ind2=" ">
    <subfield code="0">0</subfield>
    <subfield code="1">0</subfield>
    <subfield code="2">ddc</subfield>
    <subfield code="4">0</subfield>
    <subfield code="6">VEM_OUN_2015_000000000000000_B509_OR_8</subfield>
    <subfield code="7">0</subfield>
    <subfield code="9">50149</subfield>
    <subfield code="a">LBB</subfield>
    <subfield code="b">LBB</subfield>
    <subfield code="d">2016-08-19</subfield>
    <subfield code="o">VEM OUN 2015 B509 Or.8</subfield>
    <subfield code="p">RUA060632</subfield>
    <subfield code="r">2016-08-19</subfield>
    <subfield code="w">2016-08-19</subfield>
    <subfield code="y">VEM</subfield>
  </datafield>
  <datafield tag="952" ind1=" " ind2=" ">
    <subfield code="0">0</subfield>
    <subfield code="1">0</subfield>
    <subfield code="4">0</subfield>
    <subfield code="6">VEM_OUN_2015_000000000000000_B690_OR</subfield>
    <subfield code="7">0</subfield>
    <subfield code="9">87297</subfield>
    <subfield code="a">LBB</subfield>
    <subfield code="b">LBB</subfield>
    <subfield code="c">B690</subfield>
    <subfield code="d">2021-11-08</subfield>
    <subfield code="o">VEM OUN 2015 B690 Or.</subfield>
    <subfield code="p">A066995</subfield>
    <subfield code="r">2021-11-08</subfield>
    <subfield code="y">VEM</subfield>
  </datafield>
  <datafield tag="952" ind1=" " ind2=" ">
    <subfield code="0">0</subfield>
    <subfield code="1">0</subfield>
    <subfield code="4">0</subfield>
    <subfield code="6">VEM_OUN_2015_000000000000000_B690_OR</subfield>
    <subfield code="7">0</subfield>
    <subfield code="9">87298</subfield>
    <subfield code="a">LBB</subfield>
    <subfield code="b">LBB</subfield>
    <subfield code="c">B690</subfield>
    <subfield code="d">2021-11-08</subfield>
    <subfield code="o">VEM OUN 2015 B690 Or.</subfield>
    <subfield code="p">a066959</subfield>
    <subfield code="r">2021-11-08</subfield>
    <subfield code="y">VEM</subfield>
  </datafield>
  <datafield tag="952" ind1=" " ind2=" ">
    <subfield code="0">0</subfield>
    <subfield code="1">0</subfield>
    <subfield code="4">0</subfield>
    <subfield code="6">VEM_OUN_2015_000000000000000_B690_OR</subfield>
    <subfield code="7">0</subfield>
    <subfield code="9">87299</subfield>
    <subfield code="a">LBB</subfield>
    <subfield code="b">LBB</subfield>
    <subfield code="c">B690</subfield>
    <subfield code="d">2021-11-08</subfield>
    <subfield code="o">VEM OUN 2015 B690 Or.</subfield>
    <subfield code="p">a066767</subfield>
    <subfield code="r">2021-11-08</subfield>
    <subfield code="y">VEM</subfield>
  </datafield>
</record>
